[Event "28th European Club Cup"]
[Site "Eilat ISR"]
[Date "2012.10.14"]
[Round "4.10"]
[White "Rice, Chris B"]
[Black "Potkin, Vladimir"]
[Result "0-1"]
[BlackTitle "GM"]
[WhiteElo "2040"]
[BlackElo "2663"]
[WhiteTeam "Jutes of Kent"]
[BlackTeam "SHSM-64"]
[WhiteFideId "404446"]
[BlackFideId "4131061"]
[EventDate "2012.10.11"]
[EventType "team-swiss"]

1. c4 e6 2. g3 Nf6 3. Bg2 d5 4. Nf3 dxc4 5. O-O a6 6. a4 Nc6 7. Qc2 e5 8. Qxc4
Be6 9. Qc2 e4 10. Ng5 Nd4 11. Nxe6 Nxc2 12. Nxd8 Nxa1 13. Nxb7 Rb8 14. Na5 Bb4
15. Nc4 Nb3 16. Nc3 Bxc3 17. dxc3 Nxc1 18. Rxc1 O-O 19. h3 h5 20. Kf1 Rfd8 21.
Ke1 Kf8 22. Rc2 g5 23. Rd2 h4 24. g4 Ke7 25. Kd1 Ke6 26. Kc2 Rxd2+ 27. Kxd2 Rd8+
28. Kc2 Nd5 29. e3 f5 30. gxf5+ Kxf5 31. f3 exf3 32. Bxf3 Nf6 33. b4 g4 34.
hxg4+ Nxg4 0-1

[Event "28th European Club Cup"]
[Site "Eilat ISR"]
[Date "2012.10.14"]
[Round "4.11"]
[White "Alterman, Boris"]
[Black "Sammalvuo, Tapani"]
[Result "1-0"]
[WhiteTitle "GM"]
[BlackTitle "IM"]
[WhiteElo "2584"]
[BlackElo "2466"]
[WhiteTeam "Rishon Le-Zion"]
[BlackTeam "Shakkivelhot"]
[WhiteFideId "2801906"]
[BlackFideId "501115"]
[EventDate "2012.10.11"]
[EventType "team-swiss"]

1. Nf3 Nf6 2. c4 e6 3. Nc3 Bb4 4. Qc2 O-O 5. a3 Bxc3 6. Qxc3 b6 7. b4 Bb7 8. Bb2
d6 9. g3 Nbd7 10. Bg2 Ne5 11. O-O Nxf3+ 12. Bxf3 Bxf3 13. Qxf3 c5 14. Bxf6 Qxf6
15. Qxf6 gxf6 16. Rfb1 Rfc8 17. d3 f5 18. Kg2 Kg7 19. a4 cxb4 20. Rxb4 Rc5 21.
Rb5 Rac8 22. Rab1 Kf6 23. Kf3 Kg5 24. h3 Rxb5 25. axb5 Kf6 26. Ra1 Rc7 27. e3
Rd7 28. d4 e5 29. Ke2 Rc7 30. Kd3 Ke6 31. Rc1 h5 32. f3 f6 33. d5+ Kf7 34. Rg1
Kf8 35. g4 Rg7 36. Ra1 e4+ 37. fxe4 fxg4 38. hxg4 hxg4 39. Ke2 Re7 40. Rf1 Rxe4
41. Kd3 Re7 42. Rxf6+ Rf7 43. Rxd6 Kg7 44. Re6 1-0

[Event "28th European Club Cup"]
[Site "Eilat ISR"]
[Date "2012.10.14"]
[Round "4.11"]
[White "Baron, Tal"]
[Black "Kosmo, Santul"]
[Result "1-0"]
[WhiteTitle "GM"]
[WhiteElo "2454"]
[BlackElo "2212"]
[WhiteTeam "Rishon Le-Zion"]
[BlackTeam "Shakkivelhot"]
[WhiteFideId "2809958"]
[BlackFideId "504173"]
[EventDate "2012.10.11"]
[EventType "team-swiss"]

1. d4 Nf6 2. c4 c5 3. d5 e6 4. Nc3 exd5 5. cxd5 d6 6. Nf3 g6 7. Bf4 a6 8. a4 Bg7
9. h3 O-O 10. e3 Nh5 11. Bh2 f5 12. Be2 f4 13. O-O Nd7 14. Nd2 fxe3 15. fxe3
Rxf1+ 16. Nxf1 Ne5 17. Bxh5 gxh5 18. Qxh5 Bd7 19. Ng3 Qe8 20. Nce4 Nc4 21. Qe2
b5 22. axb5 Bxb5 23. Qg4 Qg6 24. Nf5 Qxg4 25. hxg4 Bxb2 26. Rb1 Bh8 27. Nexd6
Nxd6 28. Bxd6 Bd3 29. Rb7 Bxf5 30. gxf5 Rd8 31. Bxc5 Rxd5 32. Rb8+ Kf7 33. Rf8+
Kg7 34. Be7 h5 35. f6+ Kh7 36. Rxh8+ Kxh8 37. f7 1-0

[Event "28th European Club Cup"]
[Site "Eilat ISR"]
[Date "2012.10.14"]
[Round "4.12"]
[White "Gofshtein, Leonid"]
[Black "Arnaudov, G. Petar"]
[Result "1/2-1/2"]
[WhiteTitle "GM"]
[BlackTitle "IM"]
[WhiteElo "2480"]
[BlackElo "2471"]
[WhiteTeam "Petach Tikva"]
[BlackTeam "Gambit Aseko-See"]
[WhiteFideId "2801574"]
[BlackFideId "2907127"]
[EventDate "2012.10.11"]

1. Nf3 Nf6 2. c4 e6 3. Nc3 Bb4 4. Qc2 d6 5. g3 O-O 6. Bg2 e5 7. a3 Bxc3 8. Qxc3
c5 9. O-O a5 10. e3 Bg4 11. h3 Bf5 12. Nh4 Be4 13. f3 Bc6 14. d3 Nh5 15. Qe1 f5
16. g4 fxg4 17. hxg4 Nf6 18. e4 Bd7 19. Nf5 Bxf5 20. exf5 Nc6 21. Qh4 Nd4 22. f4
exf4 23. Bxf4 Ne2+ 24. Kh2 Nxf4 25. Rxf4 h6 26. g5 hxg5 27. Qxg5 Qe7 28. Re4 Qc7
29. Re6 d5+ 30. Kh1 dxc4 31. Rae1 Rf7 32. dxc4 Rd8 33. Bf3 Rdf8 34. Kg2 Nh7 35.
Qg4 Nf6 36. Qh4 Rd7 37. Rh1 Qd8 38. Rhe1 Rd2+ 39. R1e2 Rxe2+ 40. Rxe2 Re8 41.
Rxe8+ Qxe8 42. Qf4 Qa4 43. Qb8+ Kh7 44. Qh2+ Kg8 45. Qb8+ 1/2-1/2

[Event "28th European Club Cup"]
[Site "Eilat ISR"]
[Date "2012.10.14"]
[Round "4.12"]
[White "Mitkov, Marjan"]
[Black "Nakar, Eylon"]
[Result "1-0"]
[WhiteTitle "IM"]
[BlackTitle "IM"]
[WhiteElo "2331"]
[BlackElo "2397"]
[WhiteTeam "Gambit Aseko-See"]
[BlackTeam "Petach Tikva"]
[WhiteFideId "15000354"]
[BlackFideId "2811111"]
[EventDate "2012.10.11"]

1. d4 Nf6 2. c4 g6 3. Nc3 Bg7 4. e4 d6 5. Nf3 O-O 6. h3 e5 7. d5 a5 8. Be3 Na6
9. g4 Nd7 10. Nd2 Ndc5 11. a3 Bd7 12. Rg1 Kh8 13. Qc2 f5 14. O-O-O f4 15. Bxc5
Nxc5 16. Nf3 c6 17. Kb1 Qb8 18. h4 Be8 19. Ng5 Bf6 20. dxc6 bxc6 21. Na4 Bxg5
22. hxg5 Ne6 23. c5 dxc5 24. Nxc5 Nxg5 25. Qc3 Qc7 26. Bc4 Qe7 27. Ba2 Ra7 28.
Rd3 Bf7 29. Bxf7 Nxf7 30. Rgd1 Rd8 31. Rxd8+ Nxd8 32. Nd3 Nf7 33. Qxc6 Rd7 34.
f3 Ng5 35. Qc3 Nxf3 36. Rf1 Nd4 37. Qxa5 Nb3 38. Qxe5+ Qxe5 39. Nxe5 Re7 40. Kc2
Rxe5 41. Kxb3 Rxe4 42. a4 Kg7 43. a5 Kf6 44. Ka3 Ke7 45. b4 Kd6 46. Ka4 h5 47.
gxh5 gxh5 48. Rc1 f3 49. a6 Re7 50. Ka5 f2 51. Rf1 Rf7 52. Kb6 Kd5 53. a7 Rf6+
54. Kb5 Rf8 55. Rxf2 Ra8 1-0

[Event "28th European Club Cup"]
[Site "Eilat ISR"]
[Date "2012.10.14"]
[Round "4.12"]
[White "Steinberg, Nitzan"]
[Black "Dancevski, Orce"]
[Result "1-0"]
[BlackTitle "IM"]
[WhiteElo "2370"]
[BlackElo "2389"]
[WhiteTeam "Petach Tikva"]
[BlackTeam "Gambit Aseko-See"]
[WhiteFideId "2801795"]
[BlackFideId "15000311"]
[EventDate "2012.10.11"]

1. e4 d5 2. exd5 Nf6 3. d4 Nxd5 4. Nf3 Bg4 5. c4 Nb6 6. c5 Nd5 7. Qb3 Bxf3 8.
Qxb7 Nd7 9. gxf3 e6 10. Nc3 Rb8 11. Qc6 Nb4 12. Qa4 Qf6 13. Be3 Qxf3 14. Rg1 Be7
15. Be2 Qc6 16. Bb5 Rxb5 17. Nxb5 Nd3+ 18. Kd2 Nxb2 19. Qb3 O-O 20. Qxb2 Rb8 21.
Rxg7+ Kf8 22. Rag1 Ke8 23. a4 a6 24. Qc2 axb5 25. Qxh7 bxa4 26. Qg8+ Bf8 27.
Qxf7+ Kd8 28. Bg5+ 1-0

[Event "28th European Club Cup"]
[Site "Eilat ISR"]
[Date "2012.10.14"]
[Round "4.12"]
[White "Stojcevski, Zoran"]
[Black "Botvinnik, Ilia"]
[Result "1-0"]
[WhiteTitle "FM"]
[BlackTitle "IM"]
[WhiteElo "2325"]
[BlackElo "2372"]
[WhiteTeam "Gambit Aseko-See"]
[BlackTeam "Petach Tikva"]
[WhiteFideId "15000192"]
[BlackFideId "2804832"]
[EventDate "2012.10.11"]

1. e4 c5 2. Nf3 d6 3. d4 cxd4 4. Nxd4 Nf6 5. Bd3 Nc6 6. Nxc6 bxc6 7. O-O g6 8.
b3 Bg7 9. Bb2 O-O 10. Nd2 a5 11. a4 Ba6 12. Bxa6 Rxa6 13. Qe2 Ra8 14. Rad1 d5
15. Ba3 dxe4 16. Nxe4 Qc7 17. Nxf6+ Bxf6 18. Rd3 Rfd8 19. Rfd1 Rxd3 20. Qxd3 e6
21. g3 Rd8 22. Qf3 Rxd1+ 23. Qxd1 Qe5 24. Qd6 Qxd6 25. Bxd6 Bc3 26. b4 axb4 27.
Bc5 f6 28. Bb6 1-0

[Event "28th European Club Cup"]
[Site "Eilat ISR"]
[Date "2012.10.14"]
[Round "4.12"]
[White "Bar, Roman"]
[Black "Andonovski, Ljubisa"]
[Result "1/2-1/2"]
[WhiteTitle "IM"]
[BlackTitle "FM"]
[WhiteElo "2468"]
[BlackElo "2274"]
[WhiteTeam "Petach Tikva"]
[BlackTeam "Gambit Aseko-See"]
[WhiteFideId "2803879"]
[BlackFideId "15000427"]
[EventDate "2012.10.11"]

1. e4 c5 2. Nf3 e6 3. g3 Nc6 4. Bg2 Nf6 5. d3 d5 6. Qe2 Be7 7. O-O O-O 8. e5 Ne8
9. c4 Nc7 10. h4 h6 11. Nc3 Nd4 12. Nxd4 cxd4 13. Nb1 dxc4 14. dxc4 f5 15. a3 a5
16. Rd1 Bc5 17. Qd3 Qe7 18. Nd2 Na6 19. Nf3 Bd7 20. Nxd4 Ba4 21. b3 Bxd4 22.
Qxd4 Rad8 23. bxa4 Rxd4 24. Rxd4 Nc5 25. Rb1 Rd8 26. Rxd8+ Qxd8 27. Be3 Qd3 28.
Rb5 Qd1+ 29. Kh2 Nd3 30. Bxb7 Qxa4 31. Bg2 Qxc4 32. Rxa5 Qc3 33. Ra6 Qxe5 34. a4
f4 35. Ra8+ Kh7 36. Bxf4 Nxf4 37. gxf4 Qxf4+ 38. Kg1 Qxh4 39. a5 Qg5 40. a6 Qc1+
41. Bf1 Qg5+ 42. Bg2 Qc1+ 43. Bf1 Qg5+ 44. Bg2 1/2-1/2

[Event "28th European Club Cup"]
[Site "Eilat ISR"]
[Date "2012.10.14"]
[Round "4.12"]
[White "Dinev, Dejan"]
[Black "Botvinnik, Mikhail"]
[Result "1/2-1/2"]
[WhiteTitle "FM"]
[WhiteElo "2348"]
[BlackElo "2340"]
[WhiteTeam "Gambit Aseko-See"]
[BlackTeam "Petach Tikva"]
[WhiteFideId "15000095"]
[BlackFideId "2805650"]
[EventDate "2012.10.11"]

1. e4 c5 2. Nc3 Nc6 3. f4 g6 4. Nf3 Bg7 5. Bb5 Nd4 6. Bc4 a6 7. a4 e6 8. O-O Ne7
9. d3 O-O 10. Nxd4 cxd4 11. Ne2 d5 12. Bb3 dxe4 13. dxe4 b6 14. e5 Nf5 15. g4
Ne3 16. Bxe3 dxe3 17. Qxd8 Rxd8 18. Rad1 Bb7 19. g5 h6 20. h4 hxg5 21. hxg5 Bf8
22. c3 Bc5 23. Kh2 Kf8 24. Kg3 Ke7 25. Rxd8 Rxd8 26. Rd1 b5 27. Rxd8 Kxd8 28.
axb5 axb5 29. Bc2 b4 30. c4 Bc6 31. b3 Kc7 32. Nc1 Bd4 33. Ne2 Bb2 34. Bd3 Kb6
35. Bc2 Kc5 36. Bb1 Bc3 37. Bc2 Bb2 38. Bb1 Bc3 39. Bc2 Bd2 40. Bb1 Be1+ 41. Kg4
Bg2 42. Bd3 Bf2 43. Bc2 Bf1 44. Bd3 Bxe2+ 45. Bxe2 Kd4 46. Kf3 Bg1 47. c5 Kxc5
48. Ke4 Bf2 1/2-1/2

[Event "28th European Club Cup"]
[Site "Eilat ISR"]
[Date "2012.10.14"]
[Round "4.13"]
[White "Johannessen, Leif Erlend"]
[Black "Svetushkin, Dmitry"]
[Result "1-0"]
[WhiteTitle "GM"]
[WhiteElo "2520"]
[BlackElo "2597"]
[WhiteTeam "Oslo Schakselskap"]
[BlackTeam "Perfect"]
[WhiteFideId "1501674"]
[BlackFideId "13900463"]
[EventDate "2012.10.11"]

1. d4 d5 2. c4 c6 3. Nc3 Nf6 4. e3 a6 5. Nf3 Bf5 6. Qb3 b5 7. c5 a5 8. Ne5 a4 9.
Qd1 g6 10. g4 Be6 11. Bg2 Bg7 12. f4 Qc8 13. h3 h5 14. g5 Nfd7 15. e4 dxe4 16.
Nxe4 Nxe5 17. fxe5 O-O 18. Qf3 Na6 19. a3 Qd7 20. Be3 Bd5 21. Qg3 Nc7 22. O-O
Rad8 23. Rad1 Qe6 24. h4 Qc8 25. Bh3 Be6 26. Bg2 Nd5 27. Bd2 Rd7 28. Rf2 Nc7 29.
Bc3 Bd5 30. Rdf1 Qd8 31. Qe3 Bc4 32. Re1 Re8 33. Nd2 Bd5 34. Ne4 Be6 35. Ref1
Rf8 36. Kh1 Bc4 37. Rg1 Ne6 38. Rd2 Bd5 39. Kh2 Qc7 40. Bh3 Rfd8 41. Ng3 Bc4 42.
Rgg2 Re8 43. Rgf2 Qd8 44. Ne2 f5 45. gxf6 exf6 46. exf6 Bxf6 47. Rxf6 Qxf6 48.
d5 Qxh4 49. Rd4 Nf8 50. Qxe8 Qf2+ 51. Bg2 Bxe2 52. Qe5 Bf3 53. Rd2 Qh4+ 54. Kg1
Bxg2 55. Rxg2 Rh7 56. dxc6 Qd8 57. Qd6 Qe8 58. c7 h4 59. Rxg6+ 1-0

[Event "28th European Club Cup"]
[Site "Eilat ISR"]
[Date "2012.10.14"]
[Round "4.13"]
[White "Dolzhikova, Olga"]
[Black "Kurochkin, Victor"]
[Result "1/2-1/2"]
[WhiteTitle "WGM"]
[WhiteElo "2286"]
[BlackElo "2423"]
[WhiteTeam "Oslo Schakselskap"]
[BlackTeam "Perfect"]
[WhiteFideId "14105870"]
[BlackFideId "4105168"]
[EventDate "2012.10.11"]

1. e4 c5 2. c3 e6 3. Nf3 a6 4. d4 d5 5. e5 Nc6 6. Bd3 Bd7 7. dxc5 Bxc5 8. O-O
Nge7 9. Bf4 Ng6 10. Bg3 O-O 11. c4 dxc4 12. Bxc4 b5 13. Bb3 Qb6 14. Nc3 Nd4 15.
Nxd4 Bxd4 16. Qe2 Bc6 17. Kh1 b4 18. Ne4 Bb5 19. Qh5 Bxf1 20. Rxf1 Bxe5 21. Ng5
h6 22. Nxf7 Rxf7 23. Qxg6 Bf6 24. f4 Qb5 25. Re1 Qf5 26. Qxf5 exf5 27. Rc1 Kf8
28. Bxf7 Kxf7 29. Rc2 Rd8 30. Kg1 Rd1+ 31. Kf2 Rb1 32. b3 Bc3 33. Kf3 Ke6 34.
Bf2 Kd5 35. h3 Rd1 36. Ke2 Ra1 37. Kf3 g6 38. Be3 Rb1 39. Bf2 Ra1 40. Be3 Rf1+
41. Ke2 Re1+ 1/2-1/2

[Event "28th European Club Cup"]
[Site "Eilat ISR"]
[Date "2012.10.14"]
[Round "4.13"]
[White "Slavin, Gennadie"]
[Black "Persson, Mats"]
[Result "1/2-1/2"]
[WhiteElo "2300"]
[BlackElo "2234"]
[WhiteTeam "Perfect"]
[BlackTeam "Oslo Schakselskap"]
[WhiteFideId "4104870"]
[BlackFideId "1708333"]
[EventDate "2012.10.11"]

1. e4 e5 2. Nc3 Nc6 3. Bc4 Bc5 4. Qg4 g6 5. Qg3 d6 6. d3 Nd4 7. Kd1 c6 8. f4 b5
9. Bb3 a5 10. a4 Nxb3 11. cxb3 Qb6 12. Nge2 Be6 13. axb5 Bf2 14. Qf3 Bxb3+ 15.
Kd2 cxb5 16. d4 Bxd4 17. Nxd4 Qxd4+ 18. Ke1 Ne7 19. fxe5 Qxe5 20. Bf4 Qc5 21.
Be3 Qe5 22. Bf4 Qc5 23. Be3 Qe5 24. Bf4 Qc5 25. Be3 1/2-1/2

[Event "28th European Club Cup"]
[Site "Eilat ISR"]
[Date "2012.10.14"]
[Round "4.13"]
[White "Hauge, Lars Oskar"]
[Black "Alekseev, Andrey"]
[Result "0-1"]
[BlackTitle "IM"]
[WhiteElo "2174"]
[BlackElo "2340"]
[WhiteTeam "Oslo Schakselskap"]
[BlackTeam "Perfect"]
[WhiteFideId "1509276"]
[BlackFideId "4106873"]
[EventDate "2012.10.11"]

1. e4 g6 2. d4 Bg7 3. Nf3 d6 4. Nc3 Nf6 5. h3 O-O 6. Be3 Nbd7 7. Qd2 c6 8. Bh6
e5 9. O-O-O Qe7 10. Bxg7 Kxg7 11. g4 b5 12. dxe5 dxe5 13. g5 Ne8 14. h4 Nc5 15.
Qe3 Bg4 16. Be2 Bxf3 17. Bxf3 Ne6 18. Bg4 Nd6 19. Bxe6 Qxe6 20. h5 Nc4 21. Qg3
Qe7 22. Rd3 Rad8 23. hxg6 fxg6 24. Qh4 Kg8 25. Rhd1 Qb4 0-1

[Event "28th European Club Cup"]
[Site "Eilat ISR"]
[Date "2012.10.14"]
[Round "4.14"]
[White "Palliser, Richard J D"]
[Black "Sprenger, Jan Michael"]
[Result "1/2-1/2"]
[WhiteTitle "IM"]
[BlackTitle "IM"]
[WhiteElo "2458"]
[BlackElo "2491"]
[WhiteTeam "White Rose"]
[BlackTeam "De Stukkenjagers"]
[WhiteFideId "407372"]
[BlackFideId "4646258"]
[EventDate "2012.10.11"]

1. Nf3 d5 2. d4 Nf6 3. c4 dxc4 4. e3 e6 5. Bxc4 c5 6. O-O a6 7. Bb3 b5 8. a4 b4
9. e4 Bb7 10. e5 Ne4 11. Nbd2 Nxd2 12. Bxd2 cxd4 13. Ng5 Bd5 14. Rc1 Nc6 15. Qh5
g6 16. Bxd5 Qxd5 17. Qf3 Qxf3 18. Nxf3 Kd7 19. Rfd1 Bg7 20. Nxd4 Nxd4 21. Bf4
Rhc8 22. Rxd4+ Ke8 23. Rdc4 Rxc4 24. Rxc4 Rd8 25. h4 Rd5 26. Rxb4 Bxe5 27. Bxe5
Rxe5 28. Rb8+ Ke7 29. Rb7+ Kf6 30. g3 Rc5 31. Kg2 h5 32. b4 Rc4 33. Kf3 a5 34.
bxa5 Rxa4 35. Ra7 g5 36. hxg5+ Kxg5 37. a6 f6 38. Ra8 Kg6 39. Ke3 e5 40. Kd3 Kf5
41. a7 e4+ 42. Ke3 Ra3+ 43. Kd4 Ra4+ 44. Ke3 1/2-1/2

[Event "28th European Club Cup"]
[Site "Eilat ISR"]
[Date "2012.10.14"]
[Round "4.14"]
[White "Haast, Mark"]
[Black "Van De Griendt, Jan Willem"]
[Result "1-0"]
[BlackTitle "FM"]
[WhiteElo "2287"]
[BlackElo "2318"]
[WhiteTeam "De Stukkenjagers"]
[BlackTeam "White Rose"]
[WhiteFideId "1021133"]
[BlackFideId "1002112"]
[EventDate "2012.10.11"]

1. d4 Nf6 2. c4 e6 3. Nc3 c5 4. d5 exd5 5. cxd5 d6 6. e4 g6 7. Nge2 Bg7 8. Ng3
O-O 9. Be2 a6 10. a4 h5 11. Bg5 Qa5 12. O-O Nbd7 13. Qd2 Re8 14. f3 Nh7 15. Bh6
Bh8 16. Nh1 Qd8 17. Be3 f5 18. Nf2 Ne5 19. f4 Nf7 20. e5 dxe5 21. Bxc5 b6 22.
Ba3 Nd6 23. Rfe1 Ra7 24. Bf1 e4 25. Nfd1 Bf6 26. Ne3 g5 27. Ne2 Rg7 28. Rac1
gxf4 29. Nxf4 Be5 30. Qf2 Ng5 31. Kh1 Nf3 32. Nxh5 Nxe1 33. Nxg7 Kxg7 34. Bxd6
Bxd6 35. Rxc8 Qxc8 36. Nxf5+ Kg6 37. Nxd6 Rf8 38. Qxe1 Qg4 39. Nxe4 Rxf1+ 40.
Qxf1 Qxe4 41. Qd1 1-0

[Event "28th European Club Cup"]
[Site "Eilat ISR"]
[Date "2012.10.14"]
[Round "4.14"]
[White "Townsend, M Paul"]
[Black "Nabuurs, Mart"]
[Result "1-0"]
[WhiteElo "2240"]
[BlackElo "2250"]
[WhiteTeam "White Rose"]
[BlackTeam "De Stukkenjagers"]
[WhiteFideId "402320"]
[BlackFideId "1018515"]
[EventDate "2012.10.11"]

1. d4 d5 2. c4 c6 3. Nc3 e6 4. e4 dxe4 5. Nxe4 Bb4+ 6. Nc3 Nf6 7. a3 Bxc3+ 8.
bxc3 c5 9. Nf3 Nc6 10. Be2 O-O 11. O-O Qe7 12. Bg5 Rd8 13. Qd2 h6 14. Be3 e5 15.
d5 e4 16. Ne1 b6 17. Qa2 Na5 18. Nc2 Ba6 19. Rfe1 Ne8 20. Bf4 f5 21. f3 g5 22.
Bd2 Nd6 23. fxe4 Nxe4 24. Bd3 Qf7 25. Ne3 Nd6 26. Qc2 Bc8 27. Rf1 Rf8 28. Rae1
f4 29. g3 Qg7 30. Ng2 f3 31. Ne3 g4 32. h3 gxh3 33. Kh2 f2 34. Re2 Rf3 35. Bg6
Qf6 36. Bh5 Rf5 37. Nxf5 Bxf5 38. Rexf2 Bxc2 39. Rxf6 Naxc4 40. Bxh6 Be4 41.
R1f4 Kh7 42. Bf8 Rd8 43. Rg4 Rd7 44. Rh6# 1-0

[Event "28th European Club Cup"]
[Site "Eilat ISR"]
[Date "2012.10.14"]
[Round "4.14"]
[White "Muhren, Bianca"]
[Black "Barrett, Stephen J"]
[Result "0-1"]
[WhiteTitle "WGM"]
[WhiteElo "2307"]
[BlackElo "2225"]
[WhiteTeam "De Stukkenjagers"]
[BlackTeam "White Rose"]
[WhiteFideId "1008498"]
[BlackFideId "408727"]
[EventDate "2012.10.11"]

1. e4 c5 2. Nf3 e6 3. d4 cxd4 4. Nxd4 Nf6 5. Nc3 d6 6. g4 a6 7. g5 Nfd7 8. h4 b5
9. a3 Nb6 10. Bg2 Bb7 11. Qe2 Be7 12. b3 Nc6 13. Nxc6 Bxc6 14. f4 Rc8 15. Bb2
O-O 16. O-O-O Qc7 17. Kb1 a5 18. g6 h6 19. gxf7+ Rxf7 20. Bh3 b4 21. Na2 bxa3
22. Bc3 Bd7 23. Rhg1 Bf6 24. e5 dxe5 25. fxe5 Bxh4 26. Rg6 Re8 27. Bxa5 Qa7 28.
Bc3 Bg5 29. Bd4 Qc7 30. Qa6 Nd5 31. Rxe6 Rc8 32. c4 Nf4 33. Bb6 Qb8 34. Rxh6
Qxe5 35. Bd4 Qe4+ 36. Ka1 Bxh6 37. Bxd7 Rd8 38. Nc3 Qc2 39. Qxa3 Rfxd7 40. Rc1
Qg2 41. Bb6 Ra8 42. Na4 Bg5 43. Qa2 Rd2 0-1

[Event "28th European Club Cup"]
[Site "Eilat ISR"]
[Date "2012.10.14"]
[Round "4.14"]
[White "Gayson, Peter M"]
[Black "Beukema, Stefan"]
[Result "1-0"]
[BlackTitle "FM"]
[WhiteElo "2207"]
[BlackElo "2271"]
[WhiteTeam "White Rose"]
[BlackTeam "De Stukkenjagers"]
[WhiteFideId "401838"]
[BlackFideId "1024523"]
[EventDate "2012.10.11"]

1. e4 e5 2. Nf3 Nc6 3. d4 exd4 4. Bc4 Nf6 5. O-O Bc5 6. e5 d5 7. exf6 dxc4 8.
Re1+ Be6 9. fxg7 Rg8 10. Bg5 Qd5 11. Nc3 Qf5 12. Ne4 Be7 13. Bxe7 Nxe7 14. Qxd4
Nd5 15. Ng3 1-0

[Event "28th European Club Cup"]
[Site "Eilat ISR"]
[Date "2012.10.14"]
[Round "4.14"]
[White "Van Dongen, Cor"]
[Black "O'driscoll, Kieran"]
[Result "1-0"]
[WhiteElo "2357"]
[BlackElo "2113"]
[WhiteTeam "De Stukkenjagers"]
[BlackTeam "White Rose"]
[WhiteFideId "1007920"]
[BlackFideId "2501899"]
[EventDate "2012.10.11"]

1. c4 e5 2. g3 Nf6 3. Bg2 d5 4. cxd5 Nxd5 5. Nc3 Nb6 6. Nf3 Nc6 7. O-O Be7 8. a3
O-O 9. b4 Be6 10. Rb1 f6 11. d3 Qd7 12. Ne4 Ba2 13. Rb2 Bf7 14. Be3 Rad8 15. Qc2
Nd4 16. Bxd4 exd4 17. Nc5 Qc8 18. Rc1 c6 19. Nb3 Bxb3 20. Qxb3+ Kh8 21. a4 Rd6
22. a5 Nd7 23. Rbc2 a6 24. Bh3 Qd8 25. Be6 f5 26. Rc5 g6 27. Bxd7 Qxd7 28. Qb2
Bf6 29. Qd2 Re8 30. Re1 Kg7 31. Kg2 Rde6 32. e3 dxe3 33. fxe3 Rd6 34. d4 Rd5 35.
Kf2 Qe6 36. Re2 Qe4 37. Qc2 Qe6 38. Qa2 Red8 39. Rec2 Qe4 40. Nd2 Qe7 41. Rxd5
Rxd5 42. Rc5 Rd8 43. Nf3 Rd7 44. Qc4 Qf7 45. Qxf7+ Kxf7 46. Ke2 Rd5 47. Rc4 Ke6
48. Kd3 Rd7 49. Rc2 Rd5 50. Kc4 Rb5 51. Ne1 Rd5 52. Nd3 Kd7 53. Rg2 Bg5 54. Re2
Bf6 55. Rf2 Rd6 56. Nc5+ Kc8 57. Rf1 Bg5 58. Rf3 Bf6 59. h3 h5 60. g4 hxg4 61.
hxg4 fxg4 62. Rg3 Bg5 63. e4 Bf4 64. Rxg4 g5 65. e5 Rh6 66. Nd3 Bd2 67. Rg2 Be3
68. Rg3 Bd2 69. Rf3 Rg6 70. Rf8+ Kd7 71. Nc5+ Ke7 72. Rb8 g4 73. Ne4 Bf4 74.
Rxb7+ Kd8 75. Ra7 g3 76. Nxg3 Rxg3 77. Rxa6 Kc7 78. Ra7+ Kb8 79. Rf7 Bd2 80. Kc5
Rb3 81. Kxc6 Rxb4 82. d5 Rc4+ 83. Kb5 Rd4 84. Rd7 Rb4+ 85. Kc5 Ra4 86. e6 Rxa5+
87. Kb6 Kc8 88. Rf7 Rxd5 89. Rf8+ Rd8 90. e7 1-0

[Event "28th European Club Cup"]
[Site "Eilat ISR"]
[Date "2012.10.14"]
[Round "4.15"]
[White "Bok, Benjamin"]
[Black "Villegas, Pierre"]
[Result "1-0"]
[WhiteTitle "IM"]
[WhiteElo "2530"]
[BlackElo "2202"]
[WhiteTeam "Eynatten"]
[BlackTeam "C.E. de Monte Carlo"]
[WhiteFideId "1017063"]
[BlackFideId "654183"]
[EventDate "2012.10.11"]

1. e4 e5 2. Bc4 Nf6 3. d3 c6 4. Nf3 d5 5. Bb3 Bb4+ 6. c3 Bd6 7. Nbd2 O-O 8. O-O
Nbd7 9. Re1 Re8 10. Nf1 Nc5 11. Bc2 Bg4 12. h3 Bh5 13. Ng3 Bg6 14. Nh2 dxe4 15.
dxe4 Bf8 16. Qf3 Nfd7 17. Rd1 Qc7 18. h4 h6 19. h5 Bh7 20. Ng4 Red8 21. Nf5 Kh8
22. b4 Ne6 23. Bb3 Nb6 24. Be3 Rxd1+ 25. Rxd1 Rd8 26. Rxd8 Nxd8 27. a4 Bg8 28.
a5 Nd7 29. Bxa7 c5 30. Bb6 Nxb6 31. axb6 Qxb6 32. Nxe5 cxb4 33. Nd7 Qc6 34. Nxf8
Qe8 35. Nh4 Nc6 36. Nhg6+ fxg6 37. Nxg6+ Kh7 38. Bxg8+ Kxg8 39. cxb4 Ne5 40. Qf5 1-0

[Event "28th European Club Cup"]
[Site "Eilat ISR"]
[Date "2012.10.14"]
[Round "4.15"]
[White "Nelis, Jean-Francois"]
[Black "Dambacher, Martijn"]
[Result "0-1"]
[BlackTitle "IM"]
[WhiteElo "2212"]
[BlackElo "2471"]
[WhiteTeam "C.E. de Monte Carlo"]
[BlackTeam "Eynatten"]
[WhiteFideId "623830"]
[BlackFideId "1005030"]
[EventDate "2012.10.11"]

1. e4 g6 2. d4 Bg7 3. Nc3 c6 4. Nf3 d6 5. h3 b5 6. Ne2 Nf6 7. Ng3 Nbd7 8. c3 Bb7
9. Bd3 e5 10. a4 a6 11. O-O O-O 12. dxe5 dxe5 13. Be3 Ne8 14. Qc2 Nc7 15. Rfd1
Qe7 16. b4 Rfd8 17. axb5 cxb5 18. Nd2 Rac8 19. Nb3 Ne6 20. Qb2 Nf4 21. Bf1 h5
22. f3 Bh6 23. Bf2 h4 24. Ne2 Ne6 25. Na5 Ba8 26. Nb3 Rc6 27. Na5 Rcc8 28. Nb3
Nb8 29. Bb6 Rd6 30. Rxd6 Qxd6 31. Bf2 Bg5 32. Qc2 Qxb4 33. cxb4 Rxc2 34. Ba7 Nc6
35. Rxa6 Nxa7 36. Rxa7 Be3+ 0-1

[Event "28th European Club Cup"]
[Site "Eilat ISR"]
[Date "2012.10.14"]
[Round "4.15"]
[White "Swinkels, Robin"]
[Black "Van Hoolandt, Patrick"]
[Result "1-0"]
[WhiteTitle "GM"]
[BlackTitle "FM"]
[WhiteElo "2494"]
[BlackElo "2191"]
[WhiteTeam "Eynatten"]
[BlackTeam "C.E. de Monte Carlo"]
[WhiteFideId "1010824"]
[BlackFideId "200999"]
[EventDate "2012.10.11"]

1. d4 Nf6 2. c4 e6 3. g3 Bb4+ 4. Bd2 a5 5. Bg2 d5 6. Nf3 dxc4 7. O-O O-O 8. Bg5
Nc6 9. e3 h6 10. Bxf6 Qxf6 11. a3 Bd6 12. Nc3 e5 13. d5 Na7 14. Nd2 b5 15. a4 b4
16. Nce4 Qe7 17. Nxc4 Ba6 18. Qb3 f5 19. Ned2 Nc8 20. Rfc1 Bb7 21. e4 g6 22. Rc2
Kg7 23. Rac1 Rf7 24. Qe3 f4 25. gxf4 Bc5 26. Qh3 exf4 27. Nb3 f3 28. Nxc5 fxg2
29. Ne6+ Kh7 30. Ne5 c6 31. Nxf7 1-0